Todas las paradas de metro y metro ligero de Madrid - Estadísticas

Estadísticas generales
  • Esta prueba ha sido intentada 246 veces
  • La puntuación promedio es 151 de 328
Estadísticas de respuestas
Hint Respuesta % Correcto
L4 Colón
78%
L1 | L4 | ML1 Pinar de Chamartín
73%
L1 | L2 | L3 Sol
73%
L10 | ML2 | ML3 Colonia Jardín
70%
L1 Atocha
69%
L1 | L10 Chamartín
69%
L1 | L5 Gran Vía
69%
L3 | L6 Moncloa
68%
L1 | L10 | L9 Plaza de Castilla
65%
L3 | L4 | L6 Argüelles
63%
L10 | L6 | R Príncipe Pío
63%
L1 | L2 | L6 Cuatro Caminos
62%
L10 | ML1 Las Tablas
62%
L1 | L4 Bilbao
61%
L3 | L5 Callao
61%
L1 Bambú
60%
L2 | L4 Goya
60%
L10 | L6 | L8 Nuevos Ministerios
60%
L10 | L3 Plaza de España
60%
L2 | L5 | R Ópera
59%
L7 Pitis
59%
L10 | L12 Puerta del Sur
59%
L1 Tetuán
59%
L1 | L10 Tribunal
59%
L10 | L4 | L5 Alonso Martínez
58%
L4 | L6 | L7 | L9 Avenida de América
58%
L8 Barajas
58%
L10 | L5 Casa de Campo
58%
L6 Ciudad Universitaria
58%
L6 Méndez Álvaro
58%
L1 Puente de Vallecas
58%
L5 Chueca
57%
L10 Hospital Infanta Sofía
57%
L3 Villaverde Alto
57%
L8 Aeropuerto T4
56%
L8 | L9 Colombia
56%
L10 Santiago Bernabéu
56%
L1 Estrecho
55%
L1 Iglesia
55%
L3 | L6 Legazpi
55%
L9 Paco de Lucía
55%
L2 Retiro
55%
L1 Alvarado
54%
L1 Estación del Arte
54%
L10 Fuencarral
54%
L6 | L7 Guzmán El Bueno
54%
L2 Las Rosas
54%
L2 Quevedo
54%
L1 Valdeacederas
54%
L1 Valdecarros
54%
L8 Aeropuerto T1-T2-T3
53%
L10 Cuzco
53%
L4 | L5 | L6 Diego de León
53%
L11 | L6 Plaza Elíptica
53%
L1 Ríos Rosas
53%
L2 | L5 Ventas
53%
ML3 Cocheras
52%
ML1 Fuente de la Mora
52%
L3 Hospital 12 de Octubre
52%
L4 | L8 Mar de Cristal
52%
L2 | L9 Príncipe de Vergara
52%
L2 | L4 San Bernardo
52%
ML2 Somosaguas Sur
52%
L6 Vicente Aleixandre
52%
L2 Banco de España
51%
L10 Begoña
51%
ML2 Bélgica
51%
ML2 Estación de Aravaca
51%
L7 Islas Filipinas
51%
L10 La Moraleja
51%
ML3 Puerta de Boadilla
51%
L6 República Argentina
51%
L10 Reyes Católicos
51%
L2 Sevilla
51%
L4 Velázquez
51%
L3 Ventura Rodríguez
51%
ML2 Berna
49%
L2 | L7 Canal
49%
ML3 Ciudad de la Imagen
49%
L12 Hospital de Fuenlabrada
49%
L10 Tres Olivos
49%
ML3 Ciudad del Cine
48%
L12 El Casar
48%
L12 Fuenlabrada Central
48%
L10 | L7 Gregorio Marañón
48%
L4 Hortaleza
48%
L2 | L6 Manuel Becerra
48%
L4 Serrano
48%
ML2 Somosaguas Centro
48%
L1 Tirso de Molina
48%
L1 Villa de Vallecas
48%
L1 Antón Martín
47%
L4 Arturo Soria
47%
ML2 Avenida de Europa
47%
L9 Barrio del Pilar
47%
ML2 Campus de Somosaguas
47%
L10 Cuatro Vientos
47%
L8 Feria de Madrid
47%
L10 La Granja
47%
L4 Lista
47%
L1 Miguel Hernández
47%
L9 Mirasierra
47%
L12 Móstoles Central
47%
ML2 Pozuelo Oeste
47%
ML2 Prado del Rey
47%
ML1 Virgen del Cortijo
47%
L5 Aluche
46%
ML1 Blasco Ibáñez
46%
L3 Delicias
46%
ML2 Dos Castillas
46%
L1 La Gavia
46%
L10 Lago
46%
L4 Manoteras
46%
L10 Monte Carmelo
46%
L1 | L6 Pacífico
46%
L5 Pirámides
46%
L6 Puerta del Ángel
46%
L9 Rivas Vaciamadrid
46%
L6 | L9 Sainz de Baranda
46%
L12 Alcorcón Central
45%
ML1 Álvarez de Villaamil
45%
L10 Aviación Española
45%
L10 Batán
45%
ML3 Boadilla Centro
45%
L9 Herrera Oria
45%
L12 Hospital de Móstoles
45%
L9 Ibiza
45%
L10 Joaquín Vilumbrales
45%
L6 Laguna
45%
L1 Las Suertes
45%
ML1 María Tudor
45%
L2 Noviciado
45%
L6 O'Donnell
45%
L9 Rivas Urbanizaciones
45%
L7 San Fernando
45%
L9 Ventilla
45%
L10 Baunatal
44%
L12 Getafe Central
44%
L7 Henares
44%
L5 La Latina
44%
L10 Manuel de Falla
44%
L1 Nueva Numancia
44%
L8 Pinar del Rey
44%
L10 Ronda de la Comunicación
44%
ML3 Siglo XXI
44%
L3 Villaverde Bajo-Cruce
44%
ML1 Antonio Saura
43%
L7 Lacoma
43%
L6 Lucero
43%
L5 | L6 Oporto
43%
ML1 Palas de Rey
43%
L2 Santo Domingo
43%
L6 Usera
43%
L5 Alameda de Osuna
42%
L4 Canillas
42%
L5 Canillejas
42%
L5 Carabanchel
42%
L7 Hospital del Henares
42%
ML3 Infante Don Luís
42%
L1 Menéndez Pelayo
42%
L1 Sierra de Guadalupe
42%
L5 Suanzes
42%
L4 Alfonso XIII
41%
L1 Buenos Aires
41%
L5 Campamento
41%
ML3 Cantabria
41%
L3 Lavapiés
41%
L6 Alto de Extremadura
40%
L9 Arganda del Rey
40%
L6 Arganzuela-Planetario
40%
L3 Embajadores
40%
L12 Leganés Central
40%
L10 Marqués de la Valdavia
40%
L5 | L9 Núñez de Balboa
40%
L6 Opañel
40%
L1 Portazgo
40%
ML2 Prado de la Vega
40%
L7 Valdezarza
40%
L1 Alto del Arenal
39%
L7 Antonio Machado
39%
L1 Congosto
39%
ML3 Ferial de Boadilla
39%
L12 Juan de la Cierva
39%
L5 Rubén Darío
39%
L3 San Cristóbal
39%
L3 San Fermín-Orcasur
39%
L7 Arroyofresno
38%
L11 La Fortuna
38%
L4 Parque de Santa María
38%
L3 Almendrales
37%
ML2 Colonia de los Ángeles
37%
L6 Conde de Casal
37%
L4 Esperanza
37%
L2 La Elipa
37%
ML3 Montepríncipe
37%
L12 Parque Europa
37%
L7 Peñagrande
37%
L5 Puerta de Toledo
37%
ML3 Retamares
37%
L9 Rivas Futura
37%
L7 Avenida de la Ilustración
35%
L7 Coslada Central
35%
ML3 Nuevo Mundo
35%
L4 Prosperidad
35%
L5 | L7 Pueblo Nuevo
35%
L12 Universidad Rey Juan Carlos
35%
L9 Vicálvaro
35%
L2 Avenida de Guadalajara
34%
L4 Avenida de la Paz
34%
L7 Estadio Metropolitano
34%
L9 Estrella
34%
L7 Jarama
34%
L11 La Peseta
34%
L7 San Blas
34%
L5 Acacias
33%
L2 Alsacia
33%
L12 Arroyo Culebro
33%
L12 El Bercial
33%
L12 Loranca
33%
L12 Manuela Malasaña
33%
L3 Palos de la Frontera
33%
L11 Pan Bendito
33%
L9 Pío XII
33%
L9 Puerta de Arganda
33%
L7 Alonso Cano
32%
L12 Alonso de Mendoza
32%
L7 Barrio del Puerto
32%
L12 Casa del Reloj
32%
L3 Ciudad de los Ángeles
32%
L5 Ciudad Lineal
32%
L5 El Capricho
32%
L5 Empalme
32%
L2 La Almudena
32%
L12 Parque Oeste
32%
L4 San Lorenzo
32%
L5 Torre Arias
32%
L11 Abrantes
31%
L11 Carabanchel Alto
31%
L9 Concha Espina
31%
L12 Conservatorio
31%
L12 El Carrascal
31%
ML3 José Isbert
31%
L9 La Poveda
31%
L7 La Rambla
31%
L12 Los Espartales
31%
L12 Parque de los Estados
31%
L5 Quintana
31%
L12 San Nicasio
31%
L6 Carpetana
30%
L12 Julián Besteiro
30%
L12 Parque Lisboa
30%
L9 Pavones
30%
L12 Pradillo
30%
L5 Urgel
30%
L7 Cartagena
29%
L5 El Carmen
29%
L12 Hospital Severo Ochoa
29%
L7 Las Musas
29%
L7 Ascao
28%
L7 Barrio de la Concepción
28%
L7 Francos Rodríguez
28%
L5 Marqués de Vadillo
28%
L7 Parque de las Avenidas
28%
L9 San Cipriano
28%
L11 San Francisco
28%
L9 Vinateros
28%
L5 Vista Alegre
28%
L9 Artilleros
27%
L9 Duque de Pastrana
27%
L5 Eugenia de Montijo
27%
L9 Cruz del Rayo
26%
L7 García Noblejas
26%
L9 Valdebernardo
26%
ML3 Ventorro del Cano
25%
L7 Simancas
24%
ML3 Prado del Espino
23%
No se encontraron pruebas coincidentes
Distribución de puntuación
Porcentaje de gente con cada puntuación
Porcentaje por número respondido
Historial de tus puntuaciones
No has intentado esta prueba.